000 00475cam a22001331 4500
082 _a355.02
_bKAN
_cL-30, P-34
100 1 _aAkbar Khan, Mohammed,
_948754
245 1 0 _aOn war;
_bthe Islamic policy: grand strategy & diplomacy.
_cAuthor: Rangrut.
260 _aKarachi,
_bIslamic Military Science Association
_c[1967]
300 _axi, 418 p.
_bmaps (1 fold.)
_c22 cm.
490 1 _aIslamic ideology on war series
526 _a0
_b0
_c0
_d355_020000000000000_KAN
942 _2ddc
_cBK
999 _c551605
_d551605